[Event "Gibtelecom ChallWk2 6th"]
[Site "Gibraltar"]
[Date "2008.01.29"]
[Round "3.2"]
[White "Havik, Victor"]
[Black "Osuna Vega, Enrique"]
[Result "1-0"]
[WhiteElo "2072"]
[BlackElo "2146"]
[PlyCount "67"]
[EventDate "2008.01.27"]
[EventType "swiss"]
[EventRounds "5"]
[EventCountry "GGB"]
[SourceTitle "BritBase"]
[Source "www.saund.co.uk"]
[SourceDate "2018.02.10"]
[SourceVersion "1"]
[SourceVersionDate "2018.02.10"]
[SourceQuality "1"]

1. d4 d6 2. e4 Nf6 3. Nc3 Nbd7 4. Nf3 e5 5. Bc4 Be7 6. h3 c6 7. O-O h6 8. a4
Qc7 9. Ba2 Nf8 10. Nh4 g6 11. f4 exf4 12. Bxf4 Be6 13. Bh2 O-O-O 14. Bxe6+ Nxe6
15. e5 Nd7 16. Rxf7 Bxh4 17. Qg4 Qb6 18. Rd1 Ng5 19. Ne4 Nxf7 20. e6 Be7 21.
exf7 Kb8 22. Qe6 Bf8 23. Nxd6 Bxd6 24. Bxd6+ Ka8 25. b4 c5 26. dxc5 Qa6 27. Qe7
Qxa4 28. Bc7 Qxc2 29. Rxd7 Rc8 30. Bd6 Qf5 31. Rxb7 Qb1+ 32. Kh2 Qa2 33. Qe4
Qa6 34. Rb6+ 1-0

[Event "Gibtelecom ChallWk2 6th"]
[Site "Gibraltar"]
[Date "2008.01.29"]
[Round "3.3"]
[White "Molina, Antonio"]
[Black "Kandic, Milan"]
[Result "1/2-1/2"]
[WhiteElo "2011"]
[BlackElo "2238"]
[PlyCount "92"]
[EventDate "2008.01.27"]
[EventType "swiss"]
[EventRounds "5"]
[EventCountry "GGB"]
[SourceTitle "BritBase"]
[Source "www.saund.co.uk"]
[SourceDate "2018.02.10"]
[SourceVersion "1"]
[SourceVersionDate "2018.02.10"]
[SourceQuality "1"]

1. d4 d6 2. Nf3 Nf6 3. c4 g6 4. Nc3 Bg7 5. e4 O-O 6. Be2 Nbd7 7. O-O e5 8. Be3
Re8 9. d5 Ng4 10. Bg5 f6 11. Bd2 Qe7 12. Ne1 Nh6 13. Qc1 Nf7 14. g4 f5 15. gxf5
gxf5 16. exf5 Nf6 17. Kh1 Bxf5 18. Rg1 Kh8 19. Ng2 Ng4 20. Qf1 e4 21. Ne3 Nxe3
22. fxe3 Bg6 23. Qh3 Ne5 24. Nb5 Rf8 25. Nd4 Rf7 26. Rg3 c5 27. dxc6 bxc6 28.
Nxc6 Nxc6 29. Rxg6 Bxb2 30. Rb1 Be5 31. Rg2 Raf8 32. Rbg1 Rg7 33. Bd1 Rxg2 34.
Qxg2 Qh4 35. Bc2 Ne7 36. Be1 Qh6 37. Bg3 Bxg3 38. Qxg3 Nf5 39. Qf4 Qxf4 40.
exf4 Ne3 41. Bxe4 Rxf4 42. Bd5 Nxd5 43. cxd5 Rd4 44. Re1 Ra4 45. Re2 Kg7 46.
Kg2 Ra3 1/2-1/2

[Event "Gibtelecom ChallWk2 6th"]
[Site "Gibraltar"]
[Date "2008.01.29"]
[Round "3.4"]
[White "Rosberg, Simon"]
[Black "Hamer, Martyn"]
[Result "1-0"]
[WhiteElo "2246"]
[BlackElo "1962"]
[PlyCount "57"]
[EventDate "2008.01.27"]
[EventType "swiss"]
[EventRounds "5"]
[EventCountry "GGB"]
[SourceTitle "BritBase"]
[Source "www.saund.co.uk"]
[SourceDate "2018.02.10"]
[SourceVersion "1"]
[SourceVersionDate "2018.02.10"]
[SourceQuality "1"]

1. d4 Nf6 2. c4 g6 3. Nc3 Bg7 4. e4 d6 5. Be2 O-O 6. Bg5 Na6 7. Qd2 e5 8. d5
Qe8 9. O-O-O Nc5 10. f3 Na4 11. Nxa4 Qxa4 12. Kb1 Nd7 13. g4 b5 14. Rc1 Rb8 15.
cxb5 Nb6 16. b3 Qa3 17. Qb2 Qxb2+ 18. Kxb2 Rb7 19. Bd3 f5 20. gxf5 gxf5 21. Ne2
Rf7 22. Kc2 Nd7 23. b4 Nf6 24. Nc3 f4 25. Bh4 Bd7 26. Bf2 a6 27. bxa6 Rxb4 28.
Rb1 Rxb1 29. Rxb1 1-0

[Event "Gibtelecom ChallWk2 6th"]
[Site "Gibraltar"]
[Date "2008.01.29"]
[Round "3.5"]
[White "Foisor, Veronica"]
[Black "Lyell, Mark"]
[Result "1-0"]
[WhiteElo "2043"]
[BlackElo "2221"]
[PlyCount "147"]
[EventDate "2008.01.27"]
[EventType "swiss"]
[EventRounds "5"]
[EventCountry "GGB"]
[SourceTitle "BritBase"]
[Source "www.saund.co.uk"]
[SourceDate "2018.02.10"]
[SourceVersion "1"]
[SourceVersionDate "2018.02.10"]
[SourceQuality "1"]

1. d4 d5 2. c4 Nc6 3. cxd5 Qxd5 4. e3 e5 5. Nc3 Bb4 6. Bd2 Bxc3 7. bxc3 Nf6 8.
Qb3 Qd6 9. Bc1 Be6 10. Ba3 Bxb3 11. Bxd6 cxd6 12. axb3 exd4 13. exd4 Kd7 14.
Bd3 Rhe8+ 15. Kd2 Ne4+ 16. Bxe4 Rxe4 17. Nf3 d5 18. Kd3 Rae8 19. Rhe1 a5 20.
Re3 b5 21. Ne5+ Nxe5+ 22. dxe5 Rxe3+ 23. Kxe3 Ra8 24. Kd4 Kc6 25. f4 a4 26. b4
g6 27. g4 Rf8 28. Re1 Re8 29. h3 f6 30. e6 Kd6 31. f5 gxf5 32. gxf5 Re7 33. Rg1
Ra7 34. Rg2 a3 35. Ra2 Ra8 36. e7 Kxe7 37. Kxd5 Rd8+ 38. Kc5 Rc8+ 39. Kxb5 Rxc3
40. Ka6 Kd7 41. b5 Kc8 42. Ka7 Rc7+ 43. Ka6 Kb8 44. b6 Rc3 45. Rd2 a2 46. Rxa2
Rxh3 47. Re2 Ra3+ 48. Kb5 Rf3 49. Re8+ Kb7 50. Re7+ Kb8 51. Rxh7 Rb3+ 52. Kc6
Rc3+ 53. Kd6 Rb3 54. b7 Rb6+ 55. Kd5 Rb5+ 56. Kd6 Rb6+ 57. Kc5 Rb1 58. Rf7 Rd1
59. Kc6 Rc1+ 60. Kd6 Ra1 61. Rd7 Ra6+ 62. Ke7 Rb6 63. Rd6 Rb5 64. Kxf6 Kxb7 65.
Kg6 Kc7 66. Rd2 Rb1 67. f6 Rg1+ 68. Kf7 Ra1 69. Ke7 Kc6 70. f7 Re1+ 71. Kf8 Rg1
72. Rd4 Kc7 73. Ke7 Re1+ 74. Kf6 1-0

[Event "Gibtelecom ChallWk2 6th"]
[Site "Gibraltar"]
[Date "2008.01.29"]
[Round "3.6"]
[White "Jameson, David"]
[Black "Erdelyi, Tamas"]
[Result "0-1"]
[WhiteElo "2033"]
[BlackElo "2186"]
[PlyCount "62"]
[EventDate "2008.01.27"]
[EventType "swiss"]
[EventRounds "5"]
[EventCountry "GGB"]
[SourceTitle "BritBase"]
[Source "www.saund.co.uk"]
[SourceDate "2018.02.10"]
[SourceVersion "1"]
[SourceVersionDate "2018.02.10"]
[SourceQuality "1"]

1. e4 c5 2. Nf3 e6 3. d4 cxd4 4. Nxd4 a6 5. Bd3 Bc5 6. Nb3 Be7 7. Qg4 g6 8. Qe2
d6 9. O-O Qc7 10. c4 b6 11. Nc3 Bb7 12. Be3 Nd7 13. f4 Ngf6 14. Rac1 O-O 15. f5
Ne5 16. fxe6 fxe6 17. Nd4 Bc8 18. Nf3 Nxf3+ 19. Rxf3 Nd7 20. Rcf1 Bb7 21. Bd4
Ne5 22. Rxf8+ Rxf8 23. b3 Bf6 24. Kh1 Bc6 25. h3 Qg7 26. a4 Nd7 27. Bxf6 Rxf6
28. Nd1 Rxf1+ 29. Qxf1 Qd4 30. Bc2 Bxe4 31. Qf4 Bxg2+ 0-1

[Event "Gibtelecom ChallWk2 6th"]
[Site "Gibraltar"]
[Date "2008.01.29"]
[Round "3.7"]
[White "Jap Tjoen San, Linda"]
[Black "Hansen, Pal Andreas"]
[Result "1-0"]
[WhiteElo "2174"]
[BlackElo "2108"]
[PlyCount "103"]
[EventDate "2008.01.27"]
[EventType "swiss"]
[EventRounds "5"]
[EventCountry "GGB"]
[SourceTitle "BritBase"]
[Source "www.saund.co.uk"]
[SourceDate "2018.02.10"]
[SourceVersion "1"]
[SourceVersionDate "2018.02.10"]
[SourceQuality "1"]

1. e4 c5 2. Nf3 d6 3. c3 Nf6 4. Be2 Nc6 5. d3 g6 6. O-O Bg7 7. Re1 O-O 8. h3 d5
9. e5 Nd7 10. d4 cxd4 11. cxd4 f6 12. exf6 Nxf6 13. Nc3 a6 14. Ne5 Qb6 15. Na4
Qc7 16. Bf3 Bf5 17. Bf4 Nxe5 18. Bxe5 Qc2 19. Qxc2 Bxc2 20. Nb6 Rad8 21. Bc7
Rde8 22. Nxd5 Nxd5 23. Bxd5+ Kh8 24. Bxb7 Bxd4 25. Be5+ Bxe5 26. Rxe5 Rf6 27.
b3 Rb6 28. Bf3 Kg7 29. Rc1 Bf5 30. Rc7 Kf6 31. Ra5 Bd3 32. Rd5 Bf5 33. g4 Be6
34. Rdc5 Rd8 35. R7c6 Rd6 36. Rxb6 Rxb6 37. Kg2 Rd6 38. g5+ Kf7 39. h4 Rd3 40.
Ra5 Bc8 41. Be2 Bb7+ 42. f3 Rd6 43. Kf2 e6 44. Ke3 Ke7 45. Rc5 Kd7 46. f4 Kd8
47. b4 Kd7 48. h5 gxh5 49. Bxh5 Rb6 50. a3 Bc6 51. Bd1 Kd8 52. Bc2 1-0

[Event "Gibtelecom ChallWk2 6th"]
[Site "Gibraltar"]
[Date "2008.01.29"]
[Round "3.8"]
[White "Vasvari, Tamas"]
[Black "Suez-Panama, Gilles"]
[Result "0-1"]
[WhiteElo "2174"]
[BlackElo "2099"]
[PlyCount "60"]
[EventDate "2008.01.27"]
[EventType "swiss"]
[EventRounds "5"]
[EventCountry "GGB"]
[SourceTitle "BritBase"]
[Source "www.saund.co.uk"]
[SourceDate "2018.02.10"]
[SourceVersion "1"]
[SourceVersionDate "2018.02.10"]
[SourceQuality "1"]

1. e4 e6 2. d4 d5 3. Nc3 Nf6 4. Bg5 Be7 5. e5 Nfd7 6. Bxe7 Qxe7 7. f4 O-O 8.
Qh5 c5 9. Nf3 cxd4 10. Nxd4 Nc6 11. O-O-O f6 12. exf6 Qxf6 13. Nde2 Nb6 14. g3
Bd7 15. Bh3 Be8 16. Qf3 Nc4 17. b3 Nd6 18. Qe3 Bf7 19. Nd4 Nxd4 20. Qxd4 Bg6
21. Rhe1 Ne4 22. Nb5 Qe7 23. Qe5 Bf5 24. Rxd5 Bxh3 25. Qxe4 a6 26. Nd6 Rad8 27.
Qe5 Rd7 28. Rd2 Rfd8 29. Red1 Bg4 30. Nf5 Bxf5 0-1

[Event "Gibtelecom ChallWk2 6th"]
[Site "Gibraltar"]
[Date "2008.01.29"]
[Round "3.9"]
[White "Larsson, Daniel"]
[Black "Vea, Odin Blikra"]
[Result "0-1"]
[WhiteElo "2003"]
[BlackElo "2168"]
[PlyCount "64"]
[EventDate "2008.01.27"]
[EventType "swiss"]
[EventRounds "5"]
[EventCountry "GGB"]
[SourceTitle "BritBase"]
[Source "www.saund.co.uk"]
[SourceDate "2018.02.10"]
[SourceVersion "1"]
[SourceVersionDate "2018.02.10"]
[SourceQuality "1"]

1. e4 c5 2. Nf3 Nc6 3. d4 cxd4 4. Nxd4 Nf6 5. Nc3 e5 6. Ndb5 h6 7. Nd5 Nxd5 8.
exd5 a6 9. dxc6 axb5 10. cxd7+ Bxd7 11. Qd5 Bc6 12. Qxe5+ Be7 13. Bd3 O-O 14.
O-O Bf6 15. Qf5 g6 16. Qg4 Ra4 17. Qd1 Qd5 18. f3 Qc5+ 19. Kh1 Rh4 20. Be4 Qh5
21. h3 Rd8 22. Qe1 Bxe4 23. fxe4 Rxh3+ 24. gxh3 Qxh3+ 25. Kg1 Bd4+ 26. Rf2 Qg4+
27. Kf1 Bxf2 28. Kxf2 Rd1 29. Qa5 Qg1+ 30. Ke2 Qf1+ 31. Ke3 Re1+ 32. Kd4 Qc4+
0-1

[Event "Gibtelecom ChallWk2 6th"]
[Site "Gibraltar"]
[Date "2008.01.29"]
[Round "3.10"]
[White "Getz, Nicolai"]
[Black "Schmidt, Raul"]
[Result "0-1"]
[WhiteElo "2019"]
[BlackElo "2160"]
[PlyCount "124"]
[EventDate "2008.01.27"]
[EventType "swiss"]
[EventRounds "5"]
[EventCountry "GGB"]
[SourceTitle "BritBase"]
[Source "www.saund.co.uk"]
[SourceDate "2018.02.10"]
[SourceVersion "1"]
[SourceVersionDate "2018.02.10"]
[SourceQuality "1"]

1. e4 d5 2. exd5 Qxd5 3. Nc3 Qd6 4. Nf3 Nf6 5. d4 c6 6. Bg5 h6 7. Bh4 Bf5 8.
Qd2 Nbd7 9. Bc4 e6 10. O-O Qc7 11. Rfe1 Bd6 12. Qe2 O-O 13. Ne5 Bxe5 14. dxe5
Nd5 15. Nxd5 cxd5 16. Bd3 Bxd3 17. cxd3 Rfc8 18. f4 Qc2 19. Bf2 Qa4 20. Qf3 Rc2
21. b3 Qb5 22. f5 exf5 23. Qxf5 Nf8 24. Rec1 Qc6 25. Be3 Ne6 26. d4 Rc8 27. Qg4
Qc3 28. Re1 {(=)} Qa5 29. Rf1 R8c7 30. Bxh6 Rxa2 31. Rac1 Rxc1 32. Rxc1 Ra1 33.
Kf2 Qa2+ 34. Qe2 Qxe2+ 35. Kxe2 Nxd4+ 36. Kd3 Rxc1 37. Bxc1 Nxb3 38. Ba3 Kh7
39. Kc3 Na5 40. Kd4 Nc4 41. Bc5 b6 42. Bd6 Kg6 43. g3 Kf5 44. Kxd5 Ne3+ 45. Kc6
Ng4 46. Kb7 Nxh2 47. Kxa7 Nf1 48. Kxb6 Ke6 49. g4 Ne3 50. g5 Nc4+ 51. Kc7 Nxe5
52. Bf8 g6 53. Kd8 Nf3 54. Be7 Kf5 55. Kd7 Nxg5 56. Kd6 Ne6 57. Kd5 g5 58. Kc4
Ke4 59. Bf6 g4 60. Bh4 f5 61. Kc3 Ke3 62. Kc2 Ke2 0-1

[Event "Gibtelecom ChallWk2 6th"]
[Site "Gibraltar"]
[Date "2008.01.29"]
[Round "3.11"]
[White "Kvisla, Johannes Luangtep"]
[Black "Reppen, Sigmund"]
[Result "1/2-1/2"]
[WhiteElo "2134"]
[BlackElo "2061"]
[PlyCount "65"]
[EventDate "2008.01.27"]
[EventType "swiss"]
[EventRounds "5"]
[EventCountry "GGB"]
[SourceTitle "BritBase"]
[Source "www.saund.co.uk"]
[SourceDate "2018.02.10"]
[SourceVersion "1"]
[SourceVersionDate "2018.02.10"]
[SourceQuality "1"]

1. Nf3 e6 2. c4 f5 3. g3 Nf6 4. Bg2 d5 5. O-O Bd6 6. d3 O-O 7. Nbd2 c6 8. Qc2
Qe7 9. e4 e5 10. cxd5 cxd5 11. exd5 Re8 12. Nc4 Qc7 13. Qb3 Nbd7 14. Be3 Ng4
15. Rac1 Qb8 16. Bd2 Ngf6 17. Qc2 g6 18. Rfe1 b6 19. d4 e4 20. Nxd6 Qxd6 21.
Ne5 Qxd5 22. Bf1 Nxe5 23. dxe5 Qxe5 24. Bc3 Qe7 25. Qa4 Rd8 26. Qc6 Be6 27. Bb4
Qd7 28. Bb5 Rac8 29. Qxd7 Nxd7 30. Rxc8 Rxc8 31. f3 Nc5 32. Kf2 a5 33. Bc3
1/2-1/2

[Event "Gibtelecom ChallWk2 6th"]
[Site "Gibraltar"]
[Date "2008.01.29"]
[Round "3.12"]
[White "Arnott, Jonathan W"]
[Black "Helin, Mikael"]
[Result "1-0"]
[WhiteElo "2117"]
[BlackElo "1935"]
[PlyCount "107"]
[EventDate "2008.01.27"]
[EventType "swiss"]
[EventRounds "5"]
[EventCountry "GGB"]
[SourceTitle "BritBase"]
[Source "www.saund.co.uk"]
[SourceDate "2018.02.10"]
[SourceVersion "1"]
[SourceVersionDate "2018.02.10"]
[SourceQuality "1"]

1. e4 c5 2. c3 d5 3. exd5 Qxd5 4. d4 Nc6 5. Nf3 Bg4 6. dxc5 Qxd1+ 7. Kxd1 e5 8.
b4 a5 9. b5 Nd8 10. Be3 Nf6 11. Be2 Nd5 12. Nxe5 Nxe3+ 13. fxe3 Bxe2+ 14. Kxe2
Bxc5 15. Nd2 Rc8 16. Ne4 f6 17. Nd3 Be7 18. Rac1 Rc4 19. Nd2 Rg4 20. g3 Ra4 21.
Rc2 Ne6 22. c4 b6 23. Ra1 Bd6 24. Nb2 Rb4 25. Nd3 Ra4 26. Ne4 Bb4 27. Nc3 Bxc3
28. Rxc3 Kf7 29. a3 Rc8 30. Nb2 Nc5 31. Nxa4 Nxa4 32. Rc2 Nc5 33. Rd1 a4 34.
Rd6 Rb8 35. Rcd2 Kg6 36. Rc6 Ne4 37. Rd4 Nc3+ 38. Kd3 Nd1 39. Kd2 Nf2 40. Ke2
Nh3 41. Rdd6 h5 42. Rxb6 Re8 43. Re6 Rd8 44. Rbd6 Rc8 45. Rc6 Rd8 46. Red6 Re8
47. b6 Ng1+ 48. Kf2 Nh3+ 49. Kg2 Ng5 50. b7 Rxe3 51. b8=Q Re2+ 52. Kf1 Rxh2 53.
Qb1+ Kf7 54. Rc7+ 1-0

[Event "Gibtelecom ChallWk2 6th"]
[Site "Gibraltar"]
[Date "2008.01.29"]
[Round "3.13"]
[White "Fellousi, Abdelaziz"]
[Black "Haugstad, Espen"]
[Result "1-0"]
[WhiteElo "2110"]
[BlackElo "2042"]
[PlyCount "57"]
[EventDate "2008.01.27"]
[EventType "swiss"]
[EventRounds "5"]
[EventCountry "GGB"]
[SourceTitle "BritBase"]
[Source "www.saund.co.uk"]
[SourceDate "2018.02.10"]
[SourceVersion "1"]
[SourceVersionDate "2018.02.10"]
[SourceQuality "1"]

1. e4 c5 2. Nf3 e6 3. d4 cxd4 4. Nxd4 a6 5. Nc3 Qc7 6. Bd3 Nf6 7. O-O Nc6 8.
Nb3 b5 9. a3 d6 10. f4 Be7 11. Qf3 O-O 12. g4 Bb7 13. g5 Nd7 14. Qh3 Qd8 15.
Qg3 f5 16. exf5 exf5 17. Nd5 Nb6 18. Nxb6 Qxb6+ 19. Be3 Qc7 20. Rae1 d5 21. Nd4
Nxd4 22. Bxd4 Bc5 23. Qf2 Bxd4 24. Qxd4 Rae8 25. Rxe8 Rxe8 26. Bxf5 Qf7 27. Qd3
d4 28. Bxh7+ Kh8 29. Qh3 1-0

[Event "Gibtelecom ChallWk2 6th"]
[Site "Gibraltar"]
[Date "2008.01.29"]
[Round "3.14"]
[White "Bigg, Andrew J"]
[Black "Husin, Axel"]
[Result "1-0"]
[WhiteElo "2231"]
[BlackElo "2012"]
[PlyCount "31"]
[EventDate "2008.01.27"]
[EventType "swiss"]
[EventRounds "5"]
[EventCountry "GGB"]
[SourceTitle "BritBase"]
[Source "www.saund.co.uk"]
[SourceDate "2018.02.10"]
[SourceVersion "1"]
[SourceVersionDate "2018.02.10"]
[SourceQuality "1"]

1. d4 d5 2. Nf3 c6 3. c4 e6 4. Nbd2 Bd6 5. e4 dxe4 6. Nxe4 Bc7 7. Bd3 Nd7 8.
O-O Ngf6 9. Nxf6+ Nxf6 10. Re1 O-O 11. Bg5 h6 12. Bh4 b6 13. Bc2 Bb7 14. Qd3 g6
15. Rxe6 Kg7 16. Bxf6+ 1-0

[Event "Gibtelecom ChallWk2 6th"]
[Site "Gibraltar"]
[Date "2008.01.29"]
[Round "3.15"]
[White "Pettersen, Joar Gullestad"]
[Black "Schmidt, Ralf"]
[Result "0-1"]
[WhiteElo "2026"]
[BlackElo "2195"]
[PlyCount "90"]
[EventDate "2008.01.27"]
[EventType "swiss"]
[EventRounds "5"]
[EventCountry "GGB"]
[SourceTitle "BritBase"]
[Source "www.saund.co.uk"]
[SourceDate "2018.02.10"]
[SourceVersion "1"]
[SourceVersionDate "2018.02.10"]
[SourceQuality "1"]

1. d4 Nf6 2. c4 g6 3. Nc3 Bg7 4. e4 d6 5. f3 O-O 6. Bg5 Nbd7 7. Nh3 c6 8. Qd2
e5 9. d5 c5 10. Bd3 a6 11. a4 Qe8 12. Nf2 Nh5 13. Ne2 f5 14. g4 fxg4 15. fxg4
Nf4 16. Nxf4 exf4 17. Bxf4 Bxb2 18. Qxb2 Rxf4 19. O-O-O Ne5 20. Qd2 Nxd3+ 21.
Nxd3 Rxe4 22. Qc3 Qxa4 23. Nb2 Qe8 24. Rde1 Bxg4 25. Rxe4 Qxe4 26. Re1 Qf4+ 27.
Kb1 Bf5+ 28. Ka1 Be4 29. Qh3 Bf5 30. Qc3 Qxh2 31. Re7 Qg1+ 32. Ka2 Qd4 33. Qc1
Qf6 34. Rxb7 g5 35. Qe3 h6 36. Ka3 Qe5 37. Qf3 g4 38. Qh1 Qf4 39. Qh5 Rf8 40.
Qh4 Bg6 41. Qe7 Qf6 42. Qd7 Bf5 43. Qc7 g3 44. Rb3 Qe5 45. Rf3 g2 0-1

[Event "Gibtelecom ChallWk2 6th"]
[Site "Gibraltar"]
[Date "2008.01.29"]
[Round "3.16"]
[White "Bates, Caspar J"]
[Black "Hickman, John E"]
[Result "1-0"]
[WhiteElo "2190"]
[BlackElo "2009"]
[PlyCount "69"]
[EventDate "2008.01.27"]
[EventType "swiss"]
[EventRounds "5"]
[EventCountry "GGB"]
[SourceTitle "BritBase"]
[Source "www.saund.co.uk"]
[SourceDate "2018.02.10"]
[SourceVersion "1"]
[SourceVersionDate "2018.02.10"]
[SourceQuality "1"]

1. e4 d6 2. d4 Nf6 3. Nc3 g6 4. Bf4 Bg7 5. Qd2 O-O 6. O-O-O c6 7. f3 b5 8. Bh6
Qa5 9. h4 b4 10. Nb1 Qxa2 11. h5 Nbd7 12. hxg6 fxg6 13. Bxg7 Kxg7 14. Qh6+ Kg8
15. Nh3 Rf7 16. Ng5 Rg7 17. e5 Nh5 18. Nxh7 Ng3 19. Rh2 Nf5 20. Qh3 Nxe5 21.
dxe5 Ne3 22. Qh4 Bf5 23. Ng5 Kf8 24. Qxb4 Bxc2 25. Rh8+ Rg8 26. Qf4+ Bf5 27.
Rxg8+ Kxg8 28. Qxe3 Qxb1+ 29. Kd2 Qxb2+ 30. Ke1 Qb4+ 31. Kf2 dxe5 32. Qxe5 Rb8
33. Bc4+ e6 34. Bxe6+ Bxe6 35. Qxe6+ 1-0

[Event "Gibtelecom ChallWk2 6th"]
[Site "Gibraltar"]
[Date "2008.01.29"]
[Round "3.18"]
[White "Dennis, Nigel W"]
[Black "Ungureanu, Sandu"]
[Result "0-1"]
[WhiteElo "1957"]
[BlackElo "2137"]
[PlyCount "110"]
[EventDate "2008.01.27"]
[EventType "swiss"]
[EventRounds "5"]
[EventCountry "GGB"]
[SourceTitle "BritBase"]
[Source "www.saund.co.uk"]
[SourceDate "2018.02.10"]
[SourceVersion "1"]
[SourceVersionDate "2018.02.10"]
[SourceQuality "1"]

1. e4 c5 2. Nf3 Nc6 3. d4 cxd4 4. Nxd4 Nf6 5. Nc3 g6 6. Be2 d6 7. O-O Bg7 8.
Be3 O-O 9. Nb3 a6 10. f4 b5 11. Bf3 Bb7 12. a3 Na5 13. Nxa5 Qxa5 14. Qe1 Qc7
15. Qf2 Rac8 16. Rad1 Nd7 17. Bd4 Bxd4 18. Qxd4 Qb6 19. Qxb6 Nxb6 20. e5 Bxf3
21. Rxf3 dxe5 22. fxe5 Rc5 23. e6 fxe6 24. Rxf8+ Kxf8 25. Rd8+ Kg7 26. Rb8 Nc4
27. Rb7 Nxb2 28. Ne4 Re5 29. Nd6 Rd5 30. Rxe7+ Kf6 31. Rf7+ Ke5 32. Ne8 Rd4 33.
Kf2 Rd2+ 34. Kg3 Rxc2 35. Rxh7 Nc4 36. Rg7 Ne3 37. Kf3 Nf5 38. Ra7 Rc3+ 39. Kg4
Rxa3 40. Kg5 b4 41. Kxg6 b3 42. Rb7 Nh4+ 43. Kg5 Nxg2 44. h4 Nxh4 45. Kxh4 a5
46. Nc7 Ra4+ 47. Kg3 Rb4 48. Rb5+ Rxb5 49. Nxb5 b2 50. Na3 Kd4 51. Kf4 a4 52.
Nb1 Kd3 53. Ke5 Kc2 54. Na3+ Kb3 55. Nb1 a3 0-1

[Event "Gibtelecom ChallWk2 6th"]
[Site "Gibraltar"]
[Date "2008.01.29"]
[Round "3.19"]
[White "Joseph, Adrian P"]
[Black "Morris-Hill, Ray"]
[Result "0-1"]
[WhiteElo "1958"]
[BlackElo "2129"]
[PlyCount "106"]
[EventDate "2008.01.27"]
[EventType "swiss"]
[EventRounds "5"]
[EventCountry "GGB"]
[SourceTitle "BritBase"]
[Source "www.saund.co.uk"]
[SourceDate "2018.02.10"]
[SourceVersion "1"]
[SourceVersionDate "2018.02.10"]
[SourceQuality "1"]

1. b3 e5 2. Bb2 Nc6 3. e3 Nf6 4. Bb5 Bd6 5. Na3 a6 6. Bxc6 dxc6 7. Nc4 Qe7 8.
Nxd6+ cxd6 9. Qe2 O-O 10. h3 Bd7 11. g4 c5 12. O-O-O Bc6 13. Rh2 b5 14. f4 Rac8
15. fxe5 dxe5 16. Nf3 Bxf3 17. Qxf3 c4 18. Kb1 b4 19. g5 Nd7 20. e4 a5 21. h4
a4 22. bxc4 Rxc4 23. d3 Rc6 24. Rg1 Nc5 25. d4 exd4 26. Bxd4 Qxe4 27. Qxe4 Nxe4
28. Rg4 Re8 29. Kb2 Rd6 30. Ba7 Rde6 31. Re2 a3+ 32. Kc1 Nc3 33. Rxe6 Rxe6 34.
Bc5 Re1+ 35. Kd2 Rd1+ 36. Ke3 Nxa2 37. Bxb4 Nxb4 38. Rxb4 Kf8 39. Ra4 Rh1 40.
Kd2 Ke7 41. Rxa3 {(=)} Rxh4 42. Ra7+ Ke6 43. Ra6+ Kf5 44. Ra7 Kxg5 45. Rxf7 Kg6
46. Rc7 Rf4 47. c4 h5 48. Kd3 h4 49. Ke3 h3 50. Rb7 Rxc4 51. Rb2 Kg5 52. Rb7 g6
53. Rb5+ Kg4 0-1

[Event "Gibtelecom ChallWk2 6th"]
[Site "Gibraltar"]
[Date "2008.01.29"]
[Round "3.21"]
[White "Schmidt, Jens Uwe"]
[Black "Petrovic, Marko"]
[Result "1-0"]
[WhiteElo "2092"]
[BlackElo "1983"]
[PlyCount "59"]
[EventDate "2008.01.27"]
[EventType "swiss"]
[EventRounds "5"]
[EventCountry "GGB"]
[SourceTitle "BritBase"]
[Source "www.saund.co.uk"]
[SourceDate "2018.02.10"]
[SourceVersion "1"]
[SourceVersionDate "2018.02.10"]
[SourceQuality "1"]

1. e4 c5 2. Nc3 Nc6 3. g3 d6 4. Bg2 e6 5. d3 Be7 6. f4 a6 7. Nf3 b5 8. O-O Bb7
9. Bd2 h5 10. h3 Nh6 11. a3 Qc7 12. Be3 Bf6 13. Rb1 Bxc3 14. bxc3 f6 15. Qe2
Ne7 16. Nd2 d5 17. Nb3 c4 18. Nc5 Bc8 19. Qxh5+ Kf8 20. Qf3 Qc6 21. g4 Nf7 22.
Rbd1 dxe4 23. dxe4 Bb7 24. Rd2 Rd8 25. Rfd1 Rxd2 26. Rxd2 Bc8 27. Qd1 Qc7 28.
e5 fxe5 29. Nd7+ Kg8 30. Bb6 1-0

[Event "Gibtelecom ChallWk2 6th"]
[Site "Gibraltar"]
[Date "2008.01.29"]
[Round "3.22"]
[White "Gravett, Alan D"]
[Black "Dasaolu, Adeoye"]
[Result "0-1"]
[WhiteElo "1869"]
[BlackElo "2064"]
[PlyCount "58"]
[EventDate "2008.01.27"]
[EventType "swiss"]
[EventRounds "5"]
[EventCountry "GGB"]
[SourceTitle "BritBase"]
[Source "www.saund.co.uk"]
[SourceDate "2018.02.10"]
[SourceVersion "1"]
[SourceVersionDate "2018.02.10"]
[SourceQuality "1"]

1. g3 d5 2. Nf3 c6 3. Bg2 Bf5 4. b3 h6 5. Ba3 Nf6 6. O-O Nbd7 7. d3 g5 8. Bb2
Bg7 9. e4 dxe4 10. Nd4 Bg4 11. f3 exf3 12. Bxf3 Bxf3 13. Qxf3 e6 14. Nf5 exf5
15. Re1+ Kf8 16. Qxf5 Kg8 17. Nd2 Qb6+ 18. Kg2 Qc5 19. Qxc5 Nxc5 20. Re7 Nd5
21. Bxg7 Kxg7 22. Re5 f6 23. Re2 Rhe8 24. Rae1 Rxe2+ 25. Rxe2 Kf7 26. Nc4 Rd8
27. a4 b6 28. Kf3 Ne6 29. h3 Nd4+ 0-1

[Event "Gibtelecom ChallWk2 6th"]
[Site "Gibraltar"]
[Date "2008.01.29"]
[Round "3.23"]
[White "Sellak, Haddou"]
[Black "Arvola, Benjamin"]
[Result "0-1"]
[WhiteElo "1900"]
[BlackElo "2062"]
[PlyCount "82"]
[EventDate "2008.01.27"]
[EventType "swiss"]
[EventRounds "5"]
[EventCountry "GGB"]
[SourceTitle "BritBase"]
[Source "www.saund.co.uk"]
[SourceDate "2018.02.10"]
[SourceVersion "1"]
[SourceVersionDate "2018.02.10"]
[SourceQuality "1"]

1. Nf3 Nf6 2. g3 g6 3. Bg2 Bg7 4. d4 O-O 5. O-O d5 6. c4 c6 7. cxd5 Nxd5 8. Nc3
Nb6 9. h3 N8d7 10. e4 e5 11. d5 cxd5 12. exd5 Re8 13. Ng5 Nc4 14. Nge4 f5 15.
b3 Ncb6 16. Nd6 e4 17. Bb2 Rf8 18. Nc4 Ne5 19. Nxe5 Bxe5 20. Qd2 Qf6 21. Rad1
Rd8 22. f4 exf3 23. Rxf3 Qd6 24. Kh1 Bd7 25. Ne2 Bxb2 26. Qxb2 Re8 27. Nf4 Re5
28. a4 Rae8 29. Qc3 Nc8 30. Rfd3 Qf6 31. Qc7 Nd6 32. Ne6 Bxe6 33. Qxd6 Rd8 34.
Qxd8+ Qxd8 35. dxe6 Qf6 36. Rd8+ Kg7 37. R8d7+ Kh6 38. Rxb7 Qxe6 39. Rdd7 Kg5
40. Rxh7 Re1+ 41. Kh2 Re2 {no more moves recorded} 0-1